Statystyki dla Kierowcy F1 2023

Kliknij tutaj aby rozwiązać quiz!

Ogólne statystyki

  • Ten quiz został rozwiązany 282 razy
  • Średni wynik to 17 z 20

Statystyki odpowiedzi

HintOdpowiedź% Poprawnych
MercedesLewis Hamilton
99%
Red BullMax Verstappen
99%
FerrariCharles Leclerc
96%
FerrariCarlos Sainz
95%
Red BullSergio Pérez
95%
Aston MartinFernando Alonso
92%
MclarenLando Norris
92%
MclarenOscar Piastri
89%
AlpineEsteban Ocon
86%
MercedesGeorge Russell
86%
Alfa RomeoValtteri Bottas
84%
Alpha TauriYūki Tsunoda
84%
AlpinePierre Gasly
83%
Aston MartinLance Stroll
81%
HaasKevin Magnussen
80%
WilliamsAlexander Albon
77%
HaasNico Hülkenberg
70%
WilliamsLogan Sargeant
64%
Alpha TauriNyck de Vries
58%
Alfa RomeoZhou Guanyu
47%

Rozkład punktacji

Percentyl według liczby udzielonych odpowiedzi

Procent ludzi z każdym wynikiem

Twoja historia wyników

Nie rozwiązałeś tego quizu